| 000 | 005600000a22001930004500 | ||
|---|---|---|---|
| 020 | _a84-8164-745-4 | ||
| 041 | 0 | _aSPA | |
| 082 | 0 | 4 | _aG 262.13 P6351n |
| 100 | 1 | _aPikaza Ibarrondo, Xabier (1941-) | |
| 245 | 1 | 0 | _aHistoria y futuro de los papas : Una roca sobre el caos / Xabier Pikaza |
| 260 | _aMadrid : Trotta | ||
| 300 | _a274 Pág. | ||
| 440 | 0 | _aColección Estructuras y Procesos. Serie Religión | |
| 001 | 14422 | ||
| 942 | _cBK | ||
| 999 |
_c43286 _d43286 |
||
| 336 |
_atexto _btxt _2rdacontent |
||
| 337 |
_2rdamedia _asin mediación _bn |
||
| 338 |
_2rdacarrier _avolumen _bnc |
||